|
|
|
|
| LEADER |
01254nam a2200265 a 4500 |
| 001 |
0020846 |
| 003 |
BD-DhAAL |
| 008 |
100824s2005 enka 001 0 eng d |
| 020 |
|
|
|a 9781905814176
|
| 020 |
|
|
|a 1904705367 (pbk.) :
|c L24.95
|
| 040 |
|
|
|a VCAV
|b eng
|c VCAV
|d BD-DhAAL
|
| 082 |
0 |
0 |
|a 775
|2 22
|
| 100 |
1 |
|
|a Freeman, Michael,
|d 1945-
|9 32368
|
| 245 |
1 |
4 |
|a The digital SLR handbook /
|c Michael Freeman.
|
| 260 |
|
|
|a Lewes, East Sussex :
|b ILEX,
|c 2007.
|
| 300 |
|
|
|a 256 p. :
|b col. ill. ;
|c 26 cm
|
| 500 |
|
|
|a Includes index.
|
| 526 |
|
|
|a ARC
|x Fuad H. Mallick, PhD
Professor and Dean
School of Architecture and Design
BRAC University
|
| 541 |
1 |
|
|e 0020846
|a Essence Science Publications
|
| 650 |
|
0 |
|a Single-lens reflex cameras
|v Handbooks, manuals, etc.
|9 32369
|
| 650 |
|
0 |
|a Photography
|x Digital techniques
|x Handbooks, manuals, etc.
|9 32370
|
| 852 |
4 |
|
|a Ayesha Abed Library
|c General Stacks
|
| 942 |
|
|
|2 ddc
|c BK
|
| 999 |
|
|
|c 9521
|d 9521
|
| 952 |
|
|
|0 0
|1 0
|2 ddc
|4 0
|6 775_FRE_200700000000000
|7 0
|9 11989
|a BRACUL
|b BRACUL
|c GEN
|d 2010-09-22
|e Essence Science Publications
|g 3200.00
|l 13
|m 86
|o 775 FRE
|p 3010020846
|r 2024-04-22
|s 2024-02-20
|t 1
|v 6400.00
|w 2010-09-22
|y BK
|x Requisitioned by Fuad H. Mallick, Professor and Dean, School of Architecture and Design, BRAC University
|